000 01941cam a22004454i 4500
003 PE-LiUPU
005 20250731183332.0
020 _a9786124058004
035 _a(Sirsi) i9786124058004
040 _aPE-LiUPU
_bspa
_cPE-LiUPU
_erda
049 _aPRUA
082 0 4 _a747
_bLl57
100 1 _aLlorella Oriol, Anja,
_eautor.
245 1 0 _aDecoración de interiores /
_cAnja Llorella Oriol.
250 _aPrimera edición.
264 1 _aBarcelona :
_bLexus Editores,
_c2010.
300 _a198 páginas :
_bilustraciones ;
_c33 centímetros
336 _atext
_2rdacontent
337 _aunmediated
_2rdamedia
338 _avolume
_2rdacarrier
505 0 _aCasas, Casa Y. Casa Eivissa. Casa dromana. Casa Vallvidrera. Casa-Estudio en Guadalajara. Casa Hevia. Casa enMatadepera. Casa Toorak. Zealandia. Casa unifamiliar NW3. Casa Kelso. Casa F en Mukonoso. Casa Lores.
526 _aP158
526 _aP146
526 _aP17
526 _aP12
526 _aP06
650 1 4 _aDecoración interior.
650 1 4 _aDiseñadores.
700 1 _aPeco, Ana,
_etraductor.
700 1 _aSasiain, Almudena,
_etraductor.
910 _agl
_clch20140612
942 _2ddc
_cBOOK
949 _a747 LL57
_wDEWEY
_c1
_i69367
_lCCODEBUL1
_mBUL
_p26.00
_r0
_sY
_tBOOK
_u2015-7-6
_xINGENIERIA
_PP06
_0COMPRA
_o.STAFF. Colección General
949 _a747 LL57
_wDEWEY
_c2
_i69703
_lCCODEBUL1
_mBUL
_p26.00
_r0
_sY
_tBOOK
_u2015-7-6
_xINGENIERIA
_PP06
_0COMPRA
_o.STAFF. Colección General
994 _aC0
_bPEPRU
596 _a1
999 _a747 LL57
_wDEWEY
_c5959
_i69367
_d5959
_f2021-11-10
_g7
_lCCODEBUL1
_mBUL
_p26.00
_q2
_r0
_sY
_tBOOK
_u2015-7-6
_xINGENIERIA
_PP06
_0COMPRA
_o.STAFF. Colección General
999 _a747 LL57
_wDEWEY
_c2
_i69703
_d2018-4-6
_f2021-11-10
_g7
_lCCODEBUL1
_mBUL
_p26.00
_q1
_r0
_sY
_tBOOK
_u2015-7-6
_xINGENIERIA
_PP06
_0COMPRA
_o.STAFF. Colección General
980 _81
_gALBERTO SANCHEZ Responsable de Automatización